000 00576nam a22002057a 4500
003 KOHA_MİRAKIL
005 20260330133418.0
008 260330b tu ||||| |||| 00| 0 tur d
020 _a9789944612760
040 _aTR-AnABB
_btur
_cTR-AnABB
041 _atur
082 _a320.9
_bTOK 2020
100 1 _aToker, Çiğdem
245 1 0 _aKamu ihalelerinde olağan işler /
_cÇiğdem Toker
260 _aİstanbul :
_bTekin Yayınevi,
_c2019
300 _a306 sayfa :
_c20 cm
500 _ayazar imzalı
650 0 4 _asiyasi tarih, Türkiye
942 _2ddc
_cBK
999 _c10103
_d10103
900 _bCem ÖZOGLU